000 02046cam a22004697a 4500
999 _c529868
_d529868
001 13946426
003 NUST
005 20191004102851.0
008 050429s2005 dcu b 000 0 eng d
010 _a 2005926685
020 _a0309097509
035 _a(OCoLC)ocm61233572
038 _aMSOHAIL
040 _aTRL
_cTRL
_dTDG
_dOHI
_dDLC
042 _alccopycat
043 _an-us---
050 0 0 _aCC136
_b.M33 2005
082 0 0 _a973.01
_222
245 0 0 _aManaging archaeological investigations :
_ba synthesis of highway practice /
_cTerry H. Klein ... [et al.].
246 1 _iAt head of title:
_aNational Cooperative Highway Research Program.
260 _aWashington, D.C. :
_bTransportation Research Board,
_c2005.
300 _a56 p. ;
_c28 cm.
490 1 _aNCHRP synthesis,
_x0547-5570 ;
_v347
500 _a"Research sponsored by the American Association of State Highway and Transportation Officials in cooperation with the Federal Highway Administration."
504 _aIncludes bibliographical references (p. 37-38).
530 _aAlso available online.
650 0 _aArchaeology and state
_zUnited States.
_922839
650 0 _aArchaeology
_zUnited States
_xManagement.
_922840
650 0 _aHighway departments
_zUnited States
_xManagement.
_921609
650 0 _aTransportation agencies
_zUnited States
_xManagement.
_922841
700 1 _aKlein, Terry H.
_922842
710 2 _aNational Cooperative Highway Research Program.
_920864
710 2 _aAmerican Association of State Highway and Transportation Officials.
_919553
710 2 _aNational Research Council (U.S.).
_bTransportation Research Board.
_922843
830 0 _aSynthesis of highway practice ;
_v347.
_922844
856 4 1 _3Table of contents
_uhttp://www.loc.gov/catdir/toc/fy0607/2005926685.html
856 4 1 _uhttp://trb.org/publications/nchrp/nchrp%5fsyn%5f347.pdf
906 _a7
_bcbc
_ccopycat
_d2
_encip
_f20
_gy-gencatlg
942 _2ddc
_cBK